书目信息 |
| 题名: |
有限元技术基础
|
|
| 作者: | 冷纪桐 , 赵军 , 张娅 编 | |
| 分册: | ||
| 出版信息: | 北京 化学工业出版社 2018重印 |
|
| 页数: | 248页 | |
| 开本: | 24cm | |
| 丛书名: | ||
| 单 册: | ||
| 中图分类: | O241.82-43 | |
| 科图分类: | 51.81 | |
| 主题词: | 有限元分析--You Xian Yuan Fen Xi--高等学校--教材 | |
| 电子资源: | ||
| ISBN: | 978-7-122-00079-8 | |
| 000 | 00866nam0 2200289 45 | |
| 001 | 012001001133 | |
| 005 | 20140107141811.0 | |
| 010 | @a978-7-122-00079-8@dCNY45.00 | |
| 099 | @aCAL 012007090721 | |
| 100 | @a20070718d2007 ekmy0chiy50 ea | |
| 101 | 0 | @achi |
| 102 | @aCN@b110000 | |
| 105 | @aak a 000yy | |
| 106 | @ar | |
| 200 | 1 | @a有限元技术基础@AYou Xian Yuan Ji Shu Ji Chu@f冷纪桐, 赵军, 张娅编 |
| 210 | @a北京@c化学工业出版社@d2018重印 | |
| 215 | @a248页@c图@d24cm | |
| 320 | @a有书目 (第248页) | |
| 333 | @a普通高等教育“十五”国家级规划教材 | |
| 606 | 0 | @a有限元分析@AYou Xian Yuan Fen Xi@x高等学校@j教材 |
| 690 | @aO241.82-43@v4 | |
| 692 | @a51.81@v3 | |
| 701 | 0 | @a冷纪桐@ALeng Ji Tong@4编 |
| 701 | 0 | @a赵军@AZhao Jun@4编 |
| 701 | 0 | @a张娅@AZhang Ya@4编 |
| 801 | 0 | @aCN@b北京卓展@c20191020 |
| 905 | @b1201486-9@dO241.82-43@e245@f4 | |
| 有限元技术基础/冷纪桐, 赵军, 张娅编.-北京:化学工业出版社,2018重印 |
| 248页:图;24cm |
| 使用对象:普通高等教育“十五”国家级规划教材 |
| ISBN 978-7-122-00079-8:CNY45.00 |
| ● |
| 相关链接 |
|
|
|
|
正题名:有限元技术基础
索取号:O241.82-43/245
 
预约/预借
| 序号 | 登录号 | 条形码 | 馆藏地/架位号 | 状态 | 备注 |
| 1 | 1201486 | 212014862 | 第二样本阅览室/ [索取号:O241.82-43/245] | 在馆 | |
| 2 | 1201487 | 212014871 | 第三借阅区/ [索取号:O241.82-43/245] | 在馆 | |
| 3 | 1201488 | 212014880 | 第三借阅区/ [索取号:O241.82-43/245] | 在馆 | |
| 4 | 1201489 | 212014899 | 第三借阅区/ [索取号:O241.82-43/245] | 在馆 |